50 Most Subscribed YouTube Channels - Statistics

General Stats
  • This quiz has been taken 31 times
  • The average score is 7 of 50
Answer Stats
# Subscribers Answer % Correct
1 35.3 M PewDiePie
80%
3 20.0 M Smosh
68%
4 14.8 M JennaMarbles
44%
5 13.9 M nigahiga
40%
47 6.6 M Markiplier
32%
8 11.8 M TheFineBros
32%
32 7.5 M Zoella
28%
12 10.8 M Ray William Johnson
24%
48 6.6 M Tyler Oakley
24%
7 11.9 M ERB
20%
2 21.5 M HolaSoyGerman
20%
11 10.9 M Sky Does Minecraft
20%
25 8.5 M CaptainSparklez
16%
6 12.3 M Machinima
16%
36 7.5 M PrankvsPrank
16%
50 6.5 M The Tonight Show Starring Jimmy Fallon
16%
26 8.4 M Bethany Mota
12%
18 9.2 M CollegeHumor
12%
20 8.7 M KSI
12%
10 11.3 M TheEllenShow
12%
45 6.7 M T-Series
12%
9 11.5 M VanossGaming
12%
37 7.3 M YOGSCAST Lewis
12%
30 7.8 M officialpsy
8%
31 7.8 M PTXofficial
8%
22 8.6 M TheSyndicateProject
8%
23 8.5 M Vsauce
8%
24 8.5 M Bruno Mars
4%
35 7.5 M David Guetta
4%
13 10.6 M elrubiusOMG
4%
44 6.7 M Epic Meal Time
4%
41 6.9 M FailArmy
4%
42 6.8 M JuegaGerman
4%
33 7.5 M Michelle Phan
4%
27 8.1 M Rooster Teeth
4%
16 9.5 M Werevertumorro
4%
17 9.4 M Yuya
4%
43 6.8 M boyceavenue
0%
40 6.9 M Cyprien
0%
28 8.0 M enchufetv
0%
46 6.7 M League of Legends
0%
49 6.6 M MOVIECLIPS Trailers
0%
14 9.8 M Porta dos Fundos
0%
34 7.5 M RocketJump
0%
15 9.7 M Skrillex
0%
21 8.7 M Spinnin\' Records
0%
39 7.0 M TobyGames
0%
19 9.0 M VEGETTA777
0%
29 8.0 M VitalyzdTv
0%
38 7.2 M WatchMojo.com
0%
No matching quizzes found
Score Distribution
Percent of People with Each Score
Percentile by Number Answered
Your Score History
You have not taken this quiz